New species of ferns (Polypodiopsida) from Ecuador (Registro nro. 13148)
[ vista simple ]
| 000 -CABECERA | |
|---|---|
| Campo de control | 003360000a22001210004500 |
| 090 ## - CLASIFICACIÓN LOCAL | |
| Colección | AR |
| Consecutivo | 01618 |
| 041 0# - IDIOMA | |
| Código de idioma para texto/pista de sonido o título separado | |
| 100 1# - ASIENTO PRINCIPAL--NOMBRE PERSONAL | |
| Nombre personal | Moran, Robbin |
| 245 10 - MENCION DE TITULO | |
| Título | New species of ferns (Polypodiopsida) from Ecuador |
| 700 1# - ASIENTO SECUNDARIO - NOMBRE PERSONAL | |
| Nombre personal | Ollgaard, Benjamin |
| 773 1# - Item fuente: | |
| Título | Nordic Journal of Botany |
| Descripción física | 18 |
| Paginas del Articulo | 431-439 |
| Lugar, editorial y fecha de publicación | 1997 |
| 942 ## - ELEMENTOS ADICIONALES (KOHA) | |
| Tipo de ítem | Artículo |
| Withdrawn status | Lost status | Damaged status | No para préstamo | Colección | Ubicación Permanente | Ubicación actual | Fecha de adquisición | Fuente de Valor | Datos de publicación Seriada | Total Checkouts | Número topográfico | Inventario / Código de Barras | Date last seen | Ejemplar | Price effective from | Forma de adquisición | Tipo de material |
|---|---|---|---|---|---|---|---|---|---|---|---|---|---|---|---|---|---|
| No para Préstamo | Hemeroteca | Bogotá | Bogotá | 17/06/2005 | Prieto, Adriana | Fuera de circulación | AR 01618 | 019151 | 25/03/2015 | 1 | 25/03/2015 | Artículo |